Sports Quiz

Random Sports or NBA Quiz

NBA Player by Video Game Quiz Stats

 Plays Quiz not verified by Sporcle

Score 0/20 Timer 06:00
0 Plays Today
% Correct
Lebron James
94.3%
James Harden
93.9%
Paul George
93.8%
Anthony Davis
93.8%
Rajon Rondo
93.8%
Kevin Garnett
93.5%
Dwight Howard
93.3%
Michael Jordan
93.3%
Kevin Durant
93.3%
Russell Westbrook
93%
% Correct
Allen Iverson
92.9%
Stephen Curry
92.6%
John Wall
92%
Dirk Nowitzki
91.9%
Kobe Bryant
91%
Kyle Lowry
89.7%
Dwane Wade
88.6%
Reggie Jackson
78.1%
J.R. Smith
77.2%
Hassan Whiteside
77%

You're not logged in!

Compare scores with friends on all Sporcle quizzes.
OR
Log In

You Might Also Like...

Show Comments

Extras

Created Apr 28, 2016ReportNominate
Tags:NBA Quiz, NBA Player, player, video

Top Quizzes Today


Score Distribution

Your Account Isn't Verified!

In order to create a playlist on Sporcle, you need to verify the email address you used during registration. Go to your Sporcle Settings to finish the process.

Report this User

Report this user for behavior that violates our Community Guidelines.

Details: